Statistics for All Rich Brian Songs

Click here to take the quiz!

General Stats

  • This quiz has been taken 51 times
    (24 since last reset)
  • The average score is 19 of 41

Answer Stats

AlbumSong% Correct
SingleDat $tick
81%
The Sailor100 Degrees
71%
AmenCold
67%
The SailorThe Sailor
67%
Head in the CloudsHistory
62%
The SailorYellow
62%
AmenAmen
57%
The SailorKids
57%
The SailorRapapapa
57%
AmenChaos
52%
The SailorDrive Safe
52%
AmenGlow Like Dat
52%
AmenIntrovert
52%
AmenArizona
48%
Single #7Crisis
48%
Single #6Gospel
48%
AmenKitty
48%
AmenLittle Prince
48%
The SailorWhere Does the Time Go
48%
Single #10Bali
43%
The SailorConfetti
43%
The SailorCurious
43%
AmenEnemies
43%
Shang-Chi and the Legend of the Ten Rings: The AlbumLazy Susan
43%
The SailorVacant
43%
Single #2Who That Be
43%
Single #11Don't Care
38%
Single #12New Tooth
38%
AmenSee Me
38%
Single #4Seventeen
38%
Single #9Watch Out!
38%
Shang-Chi and the Legend of the Ten Rings: The AlbumFoolish
33%
The SailorNo Worries
33%
The SailorSlow Down Turbo
33%
AmenAttention
29%
Single #5Back At It
29%
Single #3Dat $tick (Remix)
29%
AmenFlight
29%
AmenOccupied
29%
Single #818
24%
AmenTrespass
24%

Score Distribution

Percentile by Number Answered

Percent of People with Each Score

Your Score History

You have not taken this quiz since the last reset